000 00633nam a22002177a 4500
999 _c16650
_d16650
003 AR-CdUCM
008 190504b ||||| |||| 00| 0 spa d
040 _aMUNICIPALIDAD PROVINCIAL DEL CUSCO
_cBIBLIOTECA MUNICIPAL DEL CUSCO
082 _a858.14 /
_bB64
100 _aBoccacio
_936222
245 _aCuentos /
260 _aCaracas :
_bMediterráneo,
_c1965.
300 _a162 páginas ;
_c20 cm.
505 _aCuentos
650 _aCuentos italianos
_91307
650 _aLiteratura italiana
_9615
650 _aSiglo XIV.
_91308
700 _aEspinas, A. (traductor)
_936223
942 _2ddc
_cLIBROS
945 _aacv
_d2019-05-04